|
|
|
|
| LEADER |
00000nas a2200000 i 4500 |
| 001 |
ssj0001453649 |
| 003 |
WaSeSS |
| 005 |
20200512172242.0 |
| 006 |
m d |
| 007 |
cr n |
| 008 |
150123c20159999ko br p s 0 0eng |
| 010 |
|
|
|a 2015243156
|
| 016 |
7 |
|
|a 101650151
|2 DNLM
|
| 022 |
|
|
|l 2383-7837
|y 2383-7837
|
| 035 |
|
|
|a (WaSeSS)ssj0001453649
|
| 040 |
|
|
|a NLM
|b eng
|c NLM
|d OCLCO
|d CUS
|d CUI
|d OCLCF
|d OCLCO
|d OCLCQ
|d OCLCO
|d CUS
|d WaSeSS
|
| 042 |
|
|
|a pcc
|
| 060 |
0 |
0 |
|a W1
|b TA394P
|
| 210 |
1 |
0 |
|a J Pathol Transl Med
|2 dnlm
|
| 245 |
0 |
0 |
|a Journal of pathology and translational medicine
|h [electronic resource].
|
| 246 |
1 |
|
|a JPTM
|
| 260 |
|
|
|a Seoul :
|b Korean Society of Pathologists/Korean Society of Cytopathology,
|c [2015]-
|
| 310 |
|
|
|a Bimonthly
|
| 362 |
1 |
|
|a Began with: Vol. 49, no. 1 (January 2015).
|
| 506 |
|
|
|a License restrictions may limit access.
|
| 588 |
|
|
|a Description based on: Vol. 49, no. 1 (January 2015); title from cover.
|
| 588 |
|
|
|a Latest issue consulted: Vol. 49, no. 1 (January 2015).
|
| 650 |
|
0 |
|a Pathology
|v Periodicals.
|
| 650 |
|
0 |
|a Medicine
|x Research
|v Periodicals.
|
| 650 |
1 |
2 |
|a Pathology.
|
| 650 |
2 |
2 |
|a Biomedical Research.
|
| 650 |
2 |
2 |
|a Translational Medical Research.
|
| 650 |
|
7 |
|a Medicine
|x Research.
|2 fast
|0 (OCoLC)fst01015059
|
| 650 |
|
7 |
|a Pathology.
|2 fast
|0 (OCoLC)fst01054964
|
| 655 |
|
0 |
|a Electronic journals.
|
| 710 |
2 |
|
|a Taehan Pyŏngni Hakhoe.
|
| 710 |
2 |
|
|a Taehan Sepo Pyŏngni Hakhoe.
|
| 780 |
0 |
0 |
|t Korean journal of pathology
|x 1738-1843
|w (OCoLC)426142721
|
| 850 |
|
|
|a DNLM
|
| 856 |
4 |
0 |
|z Full text available from Research Library: 01/01/2015 to present
|u https://search.proquest.com/publication/1146335
|